Mukaddimah mastika hadis rasulullah s.a.w / (Record no. 806)

000 -LEADER
fixed length control field nam a22 a 4500
005 - DATE AND TIME OF LATEST TRANSACTION
control field 20170505125702.0
008 - FIXED-LENGTH DATA ELEMENTS--GENERAL INFORMATION
fixed length control field 170505b1989 my ||||| |||| 00| 0 may d
040 ## - CATALOGING SOURCE
Original cataloging agency AKMAL
082 ## - DEWEY DECIMAL CLASSIFICATION NUMBER
Classification number 297.124 MUQ
090 ## - LOCALLY ASSIGNED LC-TYPE CALL NUMBER (OCLC); LOCAL CALL NUMBER (RLIN)
Classification number (OCLC) (R) ; Classification number, CALL (RLIN) (NR) 297.124
Local cutter number (OCLC) ; Book number/undivided call number, CALL (RLIN) MUQ
100 1# - MAIN ENTRY--PERSONAL NAME
Personal name Haji Muhamad Noor bin Datuk Haji Ibrahim,
9 (RLIN) 1746
245 10 - TITLE STATEMENT
Title Mukaddimah mastika hadis rasulullah s.a.w /
Statement of responsibility, etc. Sohib al-fadhilah Datuk Haji Muhamad Noor bin Haji Ibrahim
260 ## - PUBLICATION, DISTRIBUTION, ETC.
Place of publication, distribution, etc. Putrajaya :
Name of publisher, distributor, etc. JAKIM,
Date of publication, distribution, etc. 1989
300 ## - PHYSICAL DESCRIPTION
Extent 118p
Dimensions 23cm
546 ## - LANGUAGE NOTE
Language note Teks dalam skrip Jawi
942 ## - ADDED ENTRY ELEMENTS (KOHA)
Source of classification or shelving scheme
Koha item type Book
Holdings
Withdrawn status Lost status Source of classification or shelving scheme Damaged status Not for loan Collection code Home library Current library Shelving location Date acquired Inventory number Total Checkouts Full call number Barcode Date last seen Price effective from Koha item type
          NON-FICTION AKMAL Melaka AKMAL Melaka PINJAMAN 05.05.2017 200179   297.124 MUQ 201701814 05.05.2017 05.05.2017 Book
Pusat Sumber Maklumat Dato' Haji Sarmin Md Hussin, Akademi Kastam Diraja Malaysia, Melaka
Tel: 06-2331106 | Faks: 06-2313787